000 00768nam a22002177a 4500
003 BUBTL
008 240510b ||||| |||| 00| 0 eng d
020 _a9848430083
041 _aবাংলা
082 _a347.05/ R1293c/ 2008
100 _95826
_aরহমান, মোহাম্মদ মজিবর
245 _aদেওয়ানী কার্যবিধি সংহিতা/
_bমোহাম্মদ মজিবর রহমান
250 _a৩য় সং
260 _aঢাকা,
_bকামরুল বুক হাউজ
_cc2008
300 _a[xxxviii], 554 p. :
_bill ; 21 cm.
526 _aLaw
650 0 _92126
_aLaw
856 _k0
_l0
_yDownload
942 _2ddc
_cBK
999 _c7316
_d7316